Proměny nakupujících

Trendy v nákupných zvyklostiach. Impulz a interaktivita - aktuálne fenomény komunikácie v predajných miestach. Rýchlosť pri nakupovaní. Výsledky prieskumu spoločnosti Ogilvy Action, ktorý analizoval nákupné správanie zákazníkov v predajni. Nákupné správanie žien a mužov.

Guardado en:
Detalles Bibliográficos
Autor principal: Krofiánová, Daniela
Formato: Capítulo de libro
Lenguaje:checo
Materias:
Etiquetas: Agregar Etiqueta
Sin Etiquetas, Sea el primero en etiquetar este registro!

MARC

LEADER 00000naa$a2200000$$$4500
001 0113631
005 20231019094205.0
041 0 |a cze 
044 |a CZ 
245 1 0 |a Proměny nakupujících  |c Daniela Krofiánová 
520 |a Trendy v nákupných zvyklostiach. Impulz a interaktivita - aktuálne fenomény komunikácie v predajných miestach. Rýchlosť pri nakupovaní. Výsledky prieskumu spoločnosti Ogilvy Action, ktorý analizoval nákupné správanie zákazníkov v predajni. Nákupné správanie žien a mužov. 
610 2 0 |a spotrebitelia 
610 2 0 |a zákazníci 
610 2 0 |a správanie spotrebiteľa 
610 2 0 |a nákup 
610 2 0 |a ženy 
610 2 0 |a muži 
610 2 0 |a prieskum informačný 
610 2 0 |a Česko 
100 1 |a Krofiánová, Daniela